Artiste - Concours École du Louvre 2026 - Statistiques

Statistiques générales
  • Ce quiz a été pris 42 fois
  • Le résultat moyen est 14 sur 34
Statistiques - réponses
Oeuvres Artiste % Correct
26- L’Asperge Édouard Manet
70%
21- El Tres de mayo de 1808, en Madrid Francisco de Goya
70%
18- Colonnade dite de Perrault Claude Perrault
60%
20- Marie-Antoinette et ses enfants Elisabeth Louise Vigée Le Brun
60%
1- Sculpture en bas-relief Anonyme 1
55%
2- Cratère de Vix Anonyme 2
55%
19- L’Entrée du Grand Canal, avec Santa Maria della Salute et le canal de la Guidecca, vue de l’extrémité occidentale du Môle Canaletto
55%
16- Nature morte aux fromages, amandes et bretzels Clara Peeters
55%
11- Scène de rencontre d’Anne et Joachim à la porte Doré Giotto
55%
10- Rhinocéros d’or Anonyme 10
50%
3- Fresque de la tombe du plongeur Anonyme 3
50%
4- Torque celte Anonyme 4
50%
5- Grand Stupa de Sânchî Anonyme 5
50%
6- Statue équestre de Marc Aurèle Anonyme 6
50%
7- Le Christ et l’abbé Ména Anonyme 7
50%
8- Bible de Vivien, dite Première Bible de Charles le Chauve Anonyme 8
50%
9- Abbaye Sainte-Marie de Souillac Anonyme 9
50%
34- No Belt Marlène Dumas
50%
14- Homme au béret noir portant une paire de gants Corneille de Lyon
45%
27- Danse Serpentine Loïe Fuller
45%
13- La Naissance de Vénus Botticeli
40%
15- Mercure Jean de Bologne
40%
32- Maison Louis Carré Alvar Aalto
35%
12- La Danse Macabre Anonyme 12
30%
30- La Grande Pénélope Antoine Bourdelle
30%
17- Kamseh, Shîrîn à son bain Anonyme 17
25%
24- Vélocipède à corps ondulé Pierre et Ernest Michaux
25%
23- The Yatman cabinet William Burges
25%
29- Masque d’esprit Hudoq Anonyme 29
20%
33- Bar aux Autruches Les Lalannes
20%
25- Synagogue de Besançon Pierre Marnotte
20%
31- Jeune Fille en vert Tamara de Lempika
15%
22- Psyché enlevée par les Zéphirs Mery-Joseph Blondel, Louis Laffite
10%
28- Robe d’intérieur ou Tea-gown Charles Frederick Worth
5%
Aucun quiz correspondant
Distribution des résultats
% des personnes avec chaque résultat
Percentile par nombre de réponses
Votre historique - résultats
Vous n’avez pas pris ce quiz